| 000 | 00621 a2200229 4500 | ||
|---|---|---|---|
| 003 | dpl | ||
| 005 | 20180726132307.0 | ||
| 008 | 180726b xxu||||| |||| 00| 0 eng d | ||
| 020 | _c595.00 | ||
| 035 | _aB-119953, B-090359 | ||
| 037 | _bRP-ZLS-2344 / UBH-05-06:13 / RP-05-06:ENG | ||
| 040 | _c0 | ||
| 082 | 1 | 4 | _a342.06 |
| 100 | 1 | _aJain, M.P. | |
| 245 | 1 |
_aPrinciples of administrative law _cby M.P. Jain, S.N. Jain |
|
| 250 | _a4th ed | ||
| 260 |
_aNew Delhi _bWadhwa _c2005r |
||
| 300 |
_axviii, 1072 p _c24 cm (pbk) |
||
| 500 | _aincludes annexure | ||
| 700 | _aJain, S.N. | ||
| 942 |
_adpl _cEN _k342.06 / JAI _2ddc |
||
| 999 |
_c2567 _d2567 |
||